Οικονομικά μαθηματικά
Αποθηκεύτηκε σε:
| Κύριος συγγραφέας: | |
|---|---|
| Άλλοι συγγραφείς: | |
| Μορφή: | Βιβλίο |
| Γλώσσα: | Greek |
| Δημοσίευση: |
Αθήνα :
Τζιόλα,
c2018.
|
| Θέματα: | |
| Ετικέτες: |
Προσθήκη ετικέτας
Δεν υπάρχουν, Καταχωρήστε ετικέτα πρώτοι!
|
MARC
| LEADER | 00000nam a2200000 a 4500 | ||
|---|---|---|---|
| 001 | 1/117990 | ||
| 008 | 190205t2018####gr | ||| |||| ||gre|| | ||
| 020 | |a 9789604185641 |q (χαρτόδετο) | ||
| 040 | |a GR-MyUa |b gre |c GR-MyUa |e AACR2 | ||
| 041 | 0 | |a gre | |
| 082 | 7 | |a 510.2433 |2 (23) | |
| 100 | 1 | |a Μυλωνάς, Νίκος. | |
| 245 | 1 | |a Οικονομικά μαθηματικά / |c Νίκος Μυλωνάς και Γιώργος Σαραφόπουλος. | |
| 260 | |a Αθήνα : |b Τζιόλα, |c c2018. | ||
| 300 | |a 903 σ. : |b έγχρ. εικ., σχέδια ; |c 30 εκ. | ||
| 504 | |a Βιβλιογραφία: σ. 893-894. Ευρετήριο: σ. 895-903. | ||
| 650 | 0 | |a Economics, Mathematical | |
| 700 | 1 | |a Σαραφόπουλος, Γιώργος. | |
| 852 | |a INST |b CHIOS |c EUDOXUS |e 20190205 |h 510.2433 ΜΥΛ |p 005200038614 |q 005200038614 |t BK |y 0 | ||
| 920 | |a Εύδοξος |b Παραγγελία |y Χίος-ΤΔΕ |z 2019-01 | ||
| 970 | |a Σπέντζα |b Ελένη |z 05-02-2019 | ||